Empecemos a explorar

Manual de conocimientos básicos para comités de defensa civil y oficinas de defensa civil (Registro nro. 4442)

Detalles MARC
000 -INDICADOR
Campo de control de longitud fija 00814nam a2200229Ia 4500
003 - IDENTIFICADOR DE NRO. DE CONTROL
Campo de control OSt
005 - FECHA Y HORA DE LA ÚLTIMA TRANSACCIÓN
Campo de control 20191211062519.0
008 - CAMPOS DE LONGITUD FIJA INFORMACIÓN GENERAL
Campo de control de longitud fija 180305s9999||||xx |||||||||||||| ||und||
040 ## - CÓDIGO DE CATALOGADOR
Centro catalogador de origen peliigp
Lengua de catalogación español
Centro transcriptor peliigp
041 ## - CÓDIGO DE IDIOMA
Código de idioma(s) de texto spa
082 04 - SISTEMA DE CLASIFICACION DECIMAL DEWEY
Número de clasificación Dewey 363.357/I5M/2006
110 2# - ASIENTO PRINCIPAL--NOMBRE CORPORATIVO
Nombre corporativo o de jurisdiccion Instituto Nacional de Defensa Civil (INDECI)
9 (RLIN) 1437
245 10 - TÍTULO PROPIAMENTE DICHO
Título Manual de conocimientos básicos para comités de defensa civil y oficinas de defensa civil
260 ## - PUBLICACIÓN, DISTRIBUCIÓN, ETC. (PIE DE IMPRENTA)
Lugar de pubicación, distribución, etc. Lima:
Nombre del editor, distribuidor INDECI, Dirección Nacional de Educación y Capacitación,
Fecha de publicación, distribución, etc. 2006.
300 ## - DESCRIPCIÓN FISICA
Extensión de la obra 159 p.;
Dimensiones 21 cm.
500 ## - NOTA GENERAL
Nota general Incluye glosario: páginas 142-159.
650 14 - ASIENTO SECUNDARIO DE MATERIA--TÉRMINO GENERAL
9 (RLIN) 1707
Termino Temático DEFENSA CIVIL
Subdivisión de forma MANUALES
Subdivisión topográfica PERÚ
650 24 - ASIENTO SECUNDARIO DE MATERIA--TÉRMINO GENERAL
9 (RLIN) 516
Termino Temático GESTIÓN DE EMERGENCIAS
Subdivisión topográfica PERÚ
710 2# - ASIENTO SECUNDARIO--NOMBRE CORPORATIVO
9 (RLIN) 1709
Nombre de la entidad o de la jurisdicción Sistema Nacional de Defensa Civil (Perú)
910 ## - DATOS DE OPCIÓN DE USUARIO
Catalogador phc
942 ## - ELEMENTOS DE ENTRADA AGREGADOS (KOHA)
Tipo de item Libros
Source of classification or shelving scheme Dewey Decimal Classification
Existencias
Retirado Perdido Tipo de clasificación Nivel de Daño No es para préstamos Colección Ubicación permanente Ubicación actual Préstamo Total préstamos Signatura topográfica completa Código de barras Visto por última vez Número de Ejemplar Precio efectivo desde Tipo de Item
    Dewey Decimal Classification     Colección Bibliográfica Mayorazgo Mayorazgo 06/03/2018   363.357/I5M/2006 0000605 06/03/2018 1 06/03/2018 Libros